LEADER 00868nam a2200229 i 4500 001 000000067985 003 CaOOAMICUS 005 20100616000000.0 008 100616s1946 fr u000 u fre u 013 $a39157 040 $aSeMil$bita 100 1 $aChatreix, Henri.$0(OLS)http://semarc/name/33980 245 10$aAu-delà du laïcisme ou la paix scolaire /$cHenri Chatreix. 260 $aParis :$bÉditions du Seuil,$c1946. 300 $a168 p. ;$c21 cm. 490 0 $aEsprit 650 4$aLaicismo.$0(OLS)http://semarc/subject/13341 830 0$aEsprit.$0(OLS)http://semarc/title/9271 850 $aSeMil 852 $aSeMil$W1$xVenegono$y1$m2O II 101$j34138$B34138$CSeMilBibl$Z2$F34141 $81 996 $6245$aAu-delà du laïcisme ou la paix scolaire$9(OLS)http://semarc/title/108454 996 $6260$aParis :$bÉditions du Seuil$9(OLS)http://semarc/publisher/29806 LEADER 00610naa a2200157 i 4500 001 000000297178 003 CaOOAMICUS 005 20180831172559.0 008 180831n xx u000 u und u 013 $a4690 040 $aSeMil$bita 100 1 $aMüllerowa, Lidia.$0(OLS)http://semarc/name/85615 245 13$aLa Chiesa polacca dal 1939 ai nostri giorni. 650 4$aPolonia - Storia religiosa.$0(OLS)http://semarc/subject/6941 773 0 $tStoria religiosa della Polonia.$dMilano : La Casa di Matriona, 1985.$kRicerche$w()36372 996 $6245$aLa Chiesa polacca dal 1939 ai nostri giorni$9(OLS)http://semarc/title/373214